| 000 | 00521nam a2200193 a 4500 | ||
|---|---|---|---|
| 001 | 1770285653269 | ||
| 003 | YourLibrary | ||
| 005 | 20260205153744.0 | ||
| 008 | 260205s1996##################000#0#eng## | ||
| 020 | _a9780714647371 | ||
| 082 | 0 | 4 | _a333.3168BER |
| 100 | 1 |
_aBernstein, Henry, _eauthor. |
|
| 245 | 1 | 0 | _aThe Agrarian Question in South Africa : |
| 260 |
_bPsychology Press, _c1996. |
||
| 300 | _a324 pages | ||
| 650 | 0 | _aBusiness & Economics. | |
| 942 | _cENGLISH | ||
| 040 |
_aYourLibrary _beng _cYourLibrary |
||
| 999 |
_c610511 _d610511 |
||